A dictionary of hinduism : (Record no. 122940)
[ view plain ]
| 000 -LEADER | |
|---|---|
| fixed length control field | 00814nam a22002417a 4500 |
| 005 - DATE AND TIME OF LATEST TRANSACTION | |
| control field | 20170124105918.0 |
| 010 ## - LIBRARY OF CONGRESS CONTROL NUMBER | |
| LC control number | B-091553 |
| 020 ## - INTERNATIONAL STANDARD BOOK NUMBER | |
| Terms of availability | 600.00 |
| International Standard Book Number | 9188121510745 |
| 035 ## - SYSTEM CONTROL NUMBER | |
| System control number | B-091553 |
| 037 ## - SOURCE OF ACQUISITION | |
| Source of stock number/acquisition | Cen Lib/Ret |
| 040 ## - CATALOGING SOURCE | |
| Original cataloging agency | DPL |
| Language of cataloging | EN |
| 082 ## - DEWEY DECIMAL CLASSIFICATION NUMBER | |
| Edition number | 220.3 |
| Item number | MAR |
| 100 ## - MAIN ENTRY--PERSONAL NAME | |
| Personal name | Margaret |
| 9 (RLIN) | 106864 |
| 245 ## - TITLE STATEMENT | |
| Title | A dictionary of hinduism : |
| Remainder of title | its mithology, folklore and development 1500 BC-ad 1500 / |
| Statement of responsibility, etc | by Margaret, James Stutley |
| 246 ## - VARYING FORM OF TITLE | |
| Remainder of title | |
| 260 ## - PUBLICATION, DISTRIBUTION, ETC. (IMPRINT) | |
| Name of publisher, distributor, etc | Munshiram Manoharlal Publishers |
| Date of publication, distribution, etc | 2002 |
| Place of publication, distribution, etc | New Delhi |
| 270 ## - ADDRESS | |
| Address | 54, Rani Jhansi Road |
| City | New Delhi |
| Postal code | 110055 |
| 300 ## - PHYSICAL DESCRIPTION | |
| Extent | xx, 372p. |
| Dimensions | 24cm(Hb) |
| 500 ## - GENERAL NOTE | |
| General note | includes bibliographical references and index |
| 650 ## - SUBJECT ADDED ENTRY--TOPICAL TERM | |
| Topical term or geographic name as entry element | Religion |
| Form subdivision | Dictionaries |
| General subdivision | Hinduism |
| 9 (RLIN) | 106865 |
| 700 ## - ADDED ENTRY--PERSONAL NAME | |
| Personal name | Stutley, James |
| 9 (RLIN) | 9619 |
| 942 ## - ADDED ENTRY ELEMENTS (KOHA) | |
| Source of classification or shelving scheme | Dewey Decimal Classification |
| Koha item type | English Books |
| Classification part | 220.3 |
| Call number suffix | MAR |
| Withdrawn status | Lost status | Damaged status | Not for loan | Collection code | Home library | Current library | Date acquired | Source of acquisition | Cost, normal purchase price | Total Checkouts | Full call number | Barcode | Date last seen | Copy number | Cost, replacement price | Price effective from | Koha item type |
|---|---|---|---|---|---|---|---|---|---|---|---|---|---|---|---|---|---|
| Not For Loan | Reference | Central Library | Central Library | 01/06/2015 | Cen Lib/Ret | 600.00 | 220.3 MAR | B-091553 | 01/06/2015 | 1 | 600.00 | 15/09/2016 | English Books |
